| 000 | 00634nam a2200241Ia 4500 | ||
|---|---|---|---|
| 003 | OSt | ||
| 005 | 20221005081618.0 | ||
| 006 | a|||||r|||| 00| 0 | ||
| 007 | ta | ||
| 008 | 221004b |||||||| |||| 00| 0 eng d | ||
| 024 | _a121805 | ||
| 037 |
_bGift, 06/10/2012, _cTextual |
||
| 040 |
_aCRL _cCRL _beng |
||
| 041 |
_2eng _aeng |
||
| 082 | _aV2.N5, M5 | ||
| 100 | _aMason Philip | ||
| 245 | 0 | _aMen who ruled India | |
| 260 |
_aNew Delhi _bRupa & Co. India _c1985 |
||
| 300 |
_axv,368p. _ccm. |
||
| 650 | _aHISTORY | ||
| 942 |
_hV2.N5, M5 _cTEXL _2cc |
||
| 999 |
_c987995 _d987995 |
||